000 00228nam a2200121Ia 4500
100 _a#N/A
942 _cBK
245 _aIntroductory Operations
260 _bSpringer
_c2003
300 _a581
546 _aENGLISH
999 _c34124
_d34124